000 00745nmc a2200301 a 4500
003 AR-BaBNM
005 20251128211641.0
008 185020s1999 ||||||||||||||000 | spa||
020 _a84-7577-777-5
040 _cAR-BaBNM
100 1 _aHoff, Ron
245 1 0 _aDígalo en seis minutos
260 _aBarcelona
_bGranica
_c1999
300 0 _a167 p.
_bgráfs.
490 0 _aComunicación
650 4 _aLENGUAJE ESCRITO
650 4 _aLENGUAJE HABLADO
650 4 _aORATORIA
650 4 _aACTIVIDADES DE APRENDIZAJE
650 4 _aEMPRESAS
650 4 _aRENDIMIENTO
650 4 _aEXITO
700 1 _aGalay, Lucila
_etraductor
700 1 _aManela, Sergio
_ediseño
800 1 _aGore, Ernesto
942 _cBK
998 _ceugenia
999 _c20586
_d20586